书目信息 |
| 题名: |
摩托车构造
|
|
| 作者: | ;浙江省交通学校 编 | |
| 分册: | ||
| 出版信息: | 北京 人民交通出版社 1984.10 |
|
| 页数: | 229页 | |
| 开本: | 20cm | |
| 丛书名: | ||
| 单 册: | ||
| 中图分类: | U483 | |
| 科图分类: | ||
| 主题词: | 道路--运输--工具 | |
| 电子资源: | ||
| ISBN: | ||
| 000 | 00576nam0 2200205 45 | |
| 001 | 0312221749 | |
| 005 | 20040513165440.0 | |
| 010 | @dCNY0.60 | |
| 091 | @a15044.4501 | |
| 100 | @a20031222d1984 km y0chiy0120 ea | |
| 101 | @achi | |
| 105 | @a z 000yy | |
| 200 | 1 | @a摩托车构造@AMo Tuo Che Gou Zao@f浙江省交通学校编@FZhe Jiang Sheng Jiao Tong Xue Xiao Bian |
| 210 | @a北京@c人民交通出版社@d1984.10 | |
| 215 | @a229页@d20cm | |
| 606 | 0 | @a道路@x运输@x工具 |
| 690 | @aU483@v3 | |
| 711 | 02 | @a浙江省交通学校@4编 |
| 801 | @aCN@bTSTCL@c20031222 | |
| 905 | @dU483@e27@f1@b125140 | |
| 摩托车构造/浙江省交通学校编.-北京:人民交通出版社,1984.10 |
| 229页;20cm |
| ISBN :CNY0.60 |
| ● |
| 相关链接 |
|
|
|
|
正题名:摩托车构造
索取号:U483/27
 
预约/预借
| 序号 | 登录号 | 条形码 | 馆藏地/架位号 | 状态 | 备注 |
| 1 | 0125140 | 001453082 | 第二样本阅览室/ [索取号:U483/27] | 在馆 |